| 000 | 00566nam a2200169Ia 4500 | ||
|---|---|---|---|
| 008 | 090124s9999 xx 000 0 und d | ||
| 082 | _b19278 | ||
| 100 | _aबापट ना. वि. | ||
| 245 | _a श्रीमंत बाजीराव पेशवे | ||
| 250 | _a0 | ||
| 300 | _a208+10+6 | ||
| 600 | _aबापट ना. वि. | ||
| 630 | _a श्रीमंत बाजीराव पेशवे | ||
| 700 | _aबापट ना. वि. | ||
| 730 | _a श्रीमंत बाजीराव पेशवे | ||
| 942 | _cBOOK | ||
| 999 |
_c90063 _d90063 |
||